| 000 | 00560nam a2200193Ia 4500 | ||
|---|---|---|---|
| 003 | GCL | ||
| 008 | 140319s9999 xx 000 0 ara d | ||
| 040 |
_aGCL / _cGCL |
||
| 082 | 0 | 4 |
_a927 _bو ل |
| 100 | 1 | _aطه فوزى (مترجم) | |
| 245 | 1 | 0 |
_aليوناردو / _cطه فوزى (مترجم) |
| 700 | 1 | _aوسولمى، ادموند | |
| 300 | _a392 ص | ||
| 490 |
_aالالف كتاب _v0 |
||
| 650 | 0 | 4 | _aليوناردو دافينشى |
| 650 | 0 | 4 | _aالفنانون الغربيون |
| 650 | 0 | 4 | _aالفنانون - تراجم |
| 942 |
_2ddc _cBK |
||
| 999 |
_c43726 _d43726 |
||